Откуда пошла Русская земля и как стала быть: русская история в повестях А. Разина и В. Лапина; Византийская царевна (1472-1505 гг.); Дядя и племяница (1505-1533 гг.); Несчастное дитя (1533-1547 гг.); Помрем или отсидимся! (1552 г.); Осада Пскова (1581 г.); Покорение царства Сибирского (1581 г.); Во славу Божию (1551-1596 гг.); Воровские дела (1606-1607 гг.); Голутвенные и земские люди (1608-1613 гг.); Казацкий батько (1647-1649 гг.); Патриарх - великий государь (1652-1676 гг.); Ревнитель отеческих преданий (Из раскольнического быта 1680 г.); Царственные большие печати и государственных великих посольских дел оберегатель (1682- 1689 гг.); Орленок расправляет крылья (1694- 1696 гг.); В гостях и дома (1697- 1699 гг.); Первый урок (1701- 1702 гг.); Окно в Европу (1702- 1703 гг.); В Парадизе (1704- 1706 гг.); Преславная виктория (1708- 1709 гг.); Отец отечества (1711- 1721 гг.); Их мало победить (1757- 1759 гг.); На явную смерть (1770 г.)

Bibliografske podrobnosti
Drugi avtorji: Разин А. (составитель), Лапин В. (иллюстратор), Дмитриев-Оренбургский Н.
Izvleček:На пер. авт. не указаны
Jezik:ruščina
Izdano: Москва, Терра, 1993
TOC:Византийская царевна (1472-1505 гг.);
Дядя и племяница (1505-1533 гг.);
Несчастное дитя (1533-1547 гг.);
Помрем или отсидимся! (1552 г.);
Осада Пскова (1581 г.);
Покорение царства Сибирского (1581 г.);
Во славу Божию (1551-1596 гг.);
Воровские дела (1606-1607 гг.);
Голутвенные и земские люди (1608-1613 гг.);
Казацкий батько (1647-1649 гг.);
Патриарх - великий государь (1652-1676 гг.);
Ревнитель отеческих преданий (Из раскольнического быта 1680 г.);
Царственные большие печати и государственных великих посольских дел оберегатель (1682- 1689 гг.);
Орленок расправляет крылья (1694- 1696 гг.);
В гостях и дома (1697- 1699 гг.);
Первый урок (1701- 1702 гг.);
Окно в Европу (1702- 1703 гг.);
В Парадизе (1704- 1706 гг.);
Преславная виктория (1708- 1709 гг.);
Отец отечества (1711- 1721 гг.);
Их мало победить (1757- 1759 гг.);
На явную смерть (1770 г.);
Teme:
Format: MixedMaterials Knjiga
KOHA link:https://koha.lib.tpu.ru/cgi-bin/koha/opac-detail.pl?biblionumber=167664

MARC

LEADER 00000nam0a2200000 4500
001 167664
005 20231031162847.0
010 |a 585255149X 
020 |a RU  |b 94-776 
035 |a (RuTPU)RU\TPU\book\181897 
090 |a 167664 
100 |a 20091019d1993 m y0rusy5003 ca 
101 0 |a rus 
102 |a RU 
105 |a a z 000ay 
200 1 |a Откуда пошла Русская земля и как стала быть  |e русская история в повестях А. Разина и В. Лапина  |f сост. А. Разин ; В. Лапин ; худож. Н. Дмитриев-Оренбургский 
210 |a Москва  |c Терра  |d 1993 
215 |a 751,[1] с.  |c ил.  |d 24 см 
300 |a На пер. авт. не указаны 
464 |t Византийская царевна (1472-1505 гг.)  
464 |t Дядя и племяница (1505-1533 гг.) 
464 |t Несчастное дитя (1533-1547 гг.) 
464 |t Помрем или отсидимся! (1552 г.) 
464 |t Осада Пскова (1581 г.) 
464 |t Покорение царства Сибирского (1581 г.) 
464 |t Во славу Божию (1551-1596 гг.) 
464 |t Воровские дела (1606-1607 гг.) 
464 |t Голутвенные и земские люди (1608-1613 гг.) 
464 |t Казацкий батько (1647-1649 гг.) 
464 |t Патриарх - великий государь (1652-1676 гг.) 
464 |t Ревнитель отеческих преданий (Из раскольнического быта 1680 г.) 
464 |t Царственные большие печати и государственных великих посольских дел оберегатель (1682- 1689 гг.) 
464 |t Орленок расправляет крылья (1694- 1696 гг.) 
464 |t В гостях и дома (1697- 1699 гг.) 
464 |t Первый урок (1701- 1702 гг.) 
464 |t Окно в Европу (1702- 1703 гг.) 
464 |t В Парадизе (1704- 1706 гг.) 
464 |t Преславная виктория (1708- 1709 гг.) 
464 |t Отец отечества (1711- 1721 гг.) 
464 |t Их мало победить (1757- 1759 гг.) 
464 |t На явную смерть (1770 г.) 
610 1 |a Русское государство, 15-17 вв. 
610 1 |a Россия, 18 в. 
610 1 |a Исторические романы и рассказы 
675 |a Р1   |z rus 
686 |a Т3(2)0  |2 rugasnti 
702 1 |a Разин  |b А.  |4 220 
702 1 |a Лапин  |b В.  |4 220 
702 1 |a Дмитриев-Оренбургский  |b Н.  |4 440 
801 0 |a RU  |b RuMRKP  |c 19950413  |g psbo 
801 1 |a RU  |b 63413507  |c 20091019 
801 2 |a RU  |b 63413507  |c 20091019  |g RCR 
942 |c BK